000 00458nam a2200181Ia 4500
001 25040
005 20260414151123.0
008 260414t1998||||xx |||||||||||||| ||spa||
041 _aESP
082 _a346.11
_bL87
100 _aLópez-Galiacho Perona, Javier
_eAUT
245 0 _aLa problemática jurídica de la transexualidad
_b
260 _c1998
300 _a416 páginas :
_c21 cm.
650 _aDER
654 _aCDE
942 _cLIB
_dJUS
_fJUS
_2ddc
_n
999 _c25040
_d25040